00289pab a2200121 454500008004000000100001800040245004800058260000900106300001500115362000800130650001400138773001500152180718b2017 xxu||||| |||| 00| 0 eng d aDuxbury, Neil aThe outer limits of English judicial review c2017 ap.235-248. aApr aJudiciary aPublic Law